| 000 | 01539nam a2200253Ia 4500 | ||
|---|---|---|---|
| 003 | Ost | ||
| 005 | 20260507075307.0 | ||
| 008 | 260507s9999||||xx |||||||||||||| ||und|| | ||
| 020 | _a2118212977 | ||
| 040 | _cfsecg | ||
| 041 | _aara | ||
| 082 | _a330 | ||
| 100 |
_aعبد الرحيم، محمد ابراهيم _eمؤلف |
||
| 245 | 0 |
_aاقتصاديات الاستثمار و التمويل و التحليل المالي / _c محمد ابراهيم عبد الرحيم |
|
| 260 |
_aالاسكندرية: _bمؤسسة شباب الجامعة, _c2008 |
||
| 300 |
_a279 صفحة؛ _bإيضاحات ؛ _c24 سم |
||
| 504 | _a(اقتناءات 2014 3ن) | ||
| 520 | _aأهمية الادارة المالية اتخاذ قرارات التمويل -التمويل قصير الاجل -الاستثمار في الاوراق المالية -نموذج تسعير الاصول الرأسمالية و تقييم الاستثمار في الاوراق المالية -تقييم القرارات الاستثمارية - التحليل المالي و تحليل رأس المال العامل ، التنبؤ بالفشل المالي ، تقييم و تسعير الأصول ، قياس قيمة المنشأة ، القيمة المضافة الاقتصادية ، الإيجار و الشراء التأجيري و أخيرا التخطيط المالي. | ||
| 653 | _aالادارة المالية | ||
| 653 | _aالاستثمار | ||
| 653 | _aالتحليل المالي | ||
| 653 | _aالتمويل | ||
| 942 | _cكتاب | ||
| 999 |
_c43819 _d43819 |
||